Business law including company law (Record no. 161174)
[ view plain ]
| 000 -LEADER | |
|---|---|
| fixed length control field | 00650nam a2200253Ia 4500 |
| 003 - CONTROL NUMBER IDENTIFIER | |
| control field | OSt |
| 005 - DATE AND TIME OF LATEST TRANSACTION | |
| control field | 20260206112420.0 |
| 008 - FIXED-LENGTH DATA ELEMENTS--GENERAL INFORMATION | |
| fixed length control field | 210423s2011 xx 000 0 und d |
| 020 ## - INTERNATIONAL STANDARD BOOK NUMBER | |
| International Standard Book Number | 9788122431520 |
| 040 ## - CATALOGING SOURCE | |
| Transcribing agency | AL |
| 041 ## - LANGUAGE CODE | |
| Language code of text/sound track or separate title | English |
| 082 ## - DEWEY DECIMAL CLASSIFICATION NUMBER | |
| Classification number | 346.065 |
| Item number | GULB |
| 100 ## - MAIN ENTRY--PERSONAL NAME | |
| Personal name | Gulshan S S |
| 9 (RLIN) | 65002 |
| 245 ## - TITLE STATEMENT | |
| Title | Business law including company law |
| 250 ## - EDITION STATEMENT | |
| Edition statement | 15 |
| 260 ## - PUBLICATION, DISTRIBUTION, ETC. | |
| Place of publication, distribution, etc. | New Delhi |
| Name of publisher, distributor, etc. | New Age International |
| Date of publication, distribution, etc. | 2011 |
| 300 ## - PHYSICAL DESCRIPTION | |
| Extent | xiii,718 |
| Other physical details | PB |
| 365 ## - TRADE PRICE | |
| Price amount | 375 |
| Currency code | INR |
| 650 ## - SUBJECT ADDED ENTRY--TOPICAL TERM | |
| Topical term or geographic name entry element | Commercial Law |
| 9 (RLIN) | 65003 |
| 650 ## - SUBJECT ADDED ENTRY--TOPICAL TERM | |
| Topical term or geographic name entry element | Law |
| 9 (RLIN) | 65004 |
| 700 ## - ADDED ENTRY--PERSONAL NAME | |
| Personal name | Kapoor, G K |
| 9 (RLIN) | 243330 |
| 906 ## - LOCAL DATA ELEMENT F, LDF (RLIN) | |
| a | Business ; company ; including ; law |
| 942 ## - ADDED ENTRY ELEMENTS (KOHA) | |
| Source of classification or shelving scheme | Dewey Decimal Classification |
| Koha item type | Book |
| Withdrawn status | Lost status | Source of classification or shelving scheme | Damaged status | Not for loan | Collection code | Home library | Current library | Date acquired | Source of acquisition | Cost, normal purchase price | Total Checkouts | Full call number | Barcode | Date last seen | Price effective from | Koha item type | Cost, replacement price | Date last checked out |
|---|---|---|---|---|---|---|---|---|---|---|---|---|---|---|---|---|---|---|
| Dewey Decimal Classification | Chemistry | St Aloysius Library | St Aloysius Library | 02/17/2021 | Higginbothams Pvt. Ltd. Mangalore-01 | 200.00 | 346.065 GULB | 060768 | 02/17/2021 | 02/17/2021 | Book | |||||||
| M Com | St Aloysius PG Library | St Aloysius PG Library | 03/21/2013 | Knowledge World | 375.00 | 346.07 GULS | PG007655 | 08/24/2022 | 04/26/2021 | Book | ||||||||
| Dewey Decimal Classification | M Com | St Aloysius PG Library | St Aloysius PG Library | 02/10/2022 | Biblios Book Point | 464.00 | 346.065 GULB | PG023584 | 08/24/2022 | 02/10/2022 | Book | 580.00 | ||||||
| Dewey Decimal Classification | M Com | St Aloysius PG Library | St Aloysius PG Library | 02/10/2022 | Biblios Book Point | 464.00 | 346.065 GULB | PG023585 | 08/24/2022 | 02/10/2022 | Book | 580.00 | ||||||
| Dewey Decimal Classification | M Com | St Aloysius PG Library | St Aloysius PG Library | 02/10/2022 | Biblios Book Point | 464.00 | 346.065 GULB | PG023586 | 08/24/2022 | 02/10/2022 | Book | 580.00 | ||||||
| Dewey Decimal Classification | M Com | St Aloysius PG Library | St Aloysius PG Library | 02/10/2022 | Biblios Book Point | 464.00 | 1 | 346.065 GULB | PG023587 | 11/04/2024 | 02/10/2022 | Book | 580.00 | 07/01/2024 | ||||
| Dewey Decimal Classification | M Com | St Aloysius PG Library | St Aloysius PG Library | 02/10/2022 | Biblios Book Point | 464.00 | 346.065 GULB | PG023588 | 08/24/2022 | 09/02/2022 | Book | 580.00 |